LEADER 01005nam0-2200337 --450 001 9910309246503321 005 20190627151206.0 010 $a9780521612593 010 $a9780521847766 100 $a20190301d2011----kmuy0itay5050 ba 101 0 $agrc$aeng 102 $aGB 105 $aa 001yy 200 1 $aPhaedrus$fPlato$gedited by Harvey Yunis 210 $aCambridge$cCambridge University press$d2011 215 $aXI, 270 p.$cill.$d22 cm 225 1 $aCambridge Greek and Latin classics 500 10$aPhaedrus$m$913158 610 $aPlatone. Fedro 676 $a184$v22 676 $a880$v22 700 0$aPlato$0292329 702 1$aYunis,$bHarvey Evan 801 0$aIT$bUNINA$gREICAT$2UNIMARC 901 $aBK 912 $a9910309246503321 952 $aP2B 600 CAMBR. PLATO 419A 2011$bBIBL. 2019$fFLFBC 952 $aP2B 600 CAMBR. PLATO 419A 2011 (BIS)$bBIBL. 2019$fFLFBC 959 $aFLFBC 996 $aCollection des Universités de France$913158 997 $aUNINA LEADER 01182nam a2200301 i 4500 001 991001189689707536 005 20020507184916.0 008 980205s1990 de ||| | eng 020 $a3540127607 035 $ab10813263-39ule_inst 035 $aLE01308438$9ExL 040 $aDip.to Matematica$beng 082 0 $a519.4 084 $aAMS 65H10 100 1 $aAllgower, Eugene L.$023259 245 10$aNumerical continuation methods :$ban introduction /$cEugene L. Allgower, Kurt Georg 260 $aBerlin :$bSpringer-Verlag,$cc1990 300 $axiv, 388 p. :$bill. ;$c25 cm 490 0 $aSpringer series in computational mathematics,$x0179-3632 ;$v13 500 $aIncludes bibliographical references (p. 346-382) and index 650 4$aContinuation methods 700 1 $aGeorg, Kurt$eauthor$4http://id.loc.gov/vocabulary/relators/aut$0338847 907 $a.b10813263$b23-02-17$c28-06-02 912 $a991001189689707536 945 $aLE013 65H ALL11 (1990)$g1$i2013000096513$lle013$o-$pE0.00$q-$rl$s- $t0$u0$v0$w0$x0$y.i10918942$z28-06-02 996 $aNumerical continuation methods$932447 997 $aUNISALENTO 998 $ale013$b01-01-98$cm$da $e-$feng$gde $h0$i1 LEADER 01081nas 2200373 c 450 001 9910891248303321 005 20260218110418.0 035 $a(CKB)1000000000264808 035 $a(OCoLC)645372794 035 $a(DE-101)991919645 035 $a(DE-599)ZDB2471701-0 035 $a(DE-599)2471701-0 035 $a(EXLCZ)991000000000264808 100 $a20081219b18931903 |y | 101 0 $aita 135 $aur||||||||||| 181 $ctxt$2rdacontent 182 $cc$2rdamedia 183 $acr$2rdacarrier 200 10$aBollettino delle sedute della Accademia Gioenia di Scienze Naturali in Catania 210 31$aCatania$cAccad.$d1893-1903 215 $aOnline-Ressource 311 08$a0366-1768 531 00$aBoll Sedute Accad Gioenia Sci Nat Catania 608 $aZeitschrift$2gnd-content 676 $a000 686 $a11$2ssgn 801 0$b8999 801 1$bDE-101 801 2$b9999 906 $aJOURNAL 912 $a9910891248303321 996 $aBollettino delle sedute della Accademia Gioenia di Scienze Naturali in Catania$94263045 997 $aUNINA